000 00597nam a2200253Ia 4500
005 20260306153612.0
008 008 260114s9999 xx 000 0 eng d
020 _a9781447364474
037 _aEBOOK
040 _aCRL
040 _beng
040 _cCRL
041 _2eng
041 _aeng
084 _qCRL
100 _aHumphries
245 0 _aEnding the Social Care Crisis 1st ed
260 _bBristol University Press
260 _c2023
650 _aPolitical Science
856 _uhttps://doi.org/10.46692/9781447364474
942 _cEBOOK
999 _c1704127
_d1704127